00718nam a22002177a 450000500170000001000130001702000230003003500130005303700160006604000120008208200160009410000170011024500820012726000440020927000460025330000340029949000490033350000520038265000440043465000220047820170124110203.0 aB-061291 c250.00a8120318412 aB-061291 bCen Lib/Ret aDPLbEN a004.64bGHO aGhosh, Sumit aHardware description languages : cby Sumit Ghoshbconcepts and principles / aNew DelhibPrintice-Hall of Indiac2000 aM-97, Cannaught CircusbNew Delhie110001 axxii,329p. :c24cm (Hb)b1ll. aIEEE Press series on microelectronic systems aIncludes bibliographical references and index  aComputer hardware description languages aComputer hardware